00426nam a22001457a 450000500170000000800360001702000180005304100080007108200170007910000180009624500560011426000400017030000180021065000520022820250823205932.0250823b |||||||| |||| 00| 0  a9780143467595 aeng a338.4762 GUP aGupta,Deepali aTelecom Wars : The Race to Capture a Billion Voices aHaryanabPenguin Random Housec2025 a459:. P 23 cm aTelecommunication Industry, Business Strategies